Statystyki dla Wszystkie Marki Ciągników Rolniczych

Kliknij tutaj aby rozwiązać quiz!

Ogólne statystyki

  • Ten quiz został rozwiązany 684 razy
  • Średni wynik to 14 z 83

Statystyki odpowiedzi

HintOdpowiedź% Poprawnych
PolskaUrsus
98%
USAJohn Deere
84%
CzechyZetor
84%
USANew Holland
80%
NiemcyClaas
76%
NiemcyFendt
76%
BiałoruśBelarus
70%
USAMassey Ferguson
61%
NiemcyDeutz Fahr
49%
PolskaPronar
49%
FinlandiaValtra
48%
FrancjaRenault Agriculture
47%
JaponiaKubota
42%
USACase IH
39%
WłochyLandini
35%
Wielka BrytaniaJCB
33%
WłochyArbos
31%
Wielka BrytaniaFord
28%
AustriaSteyr
27%
PolskaFarm Trac
24%
WłochySAME
22%
USABig Bud
21%
WłochyMcCormick
19%
SzwecjaVolvo BM
15%
USAChallenger
14%
JaponiaIseki
14%
NiemcyMercedes Trac
13%
WłochyFiatAgri
12%
PolskaCrystal Tractor
11%
PolskaFarmer
11%
RosjaKirovets
10%
AustriaLindner
10%
ChinyLovol
10%
TurcjaBasak
9%
Korea Płd.TYM
8%
SłowacjaZTS Martin
8%
WłochyAntonio Carraro
7%
UkrainaHTZ
7%
SzwajcariaRigitrac
7%
BrazyliaStara
7%
WęgryDutra
6%
NiemcyFortschritt
6%
SzwajcariaHurlimann
6%
SerbiaIMT
6%
KanadaVersatile
6%
TurcjaHattat
5%
Korea Płd.Kioti
5%
NiemcyLanz
5%
IndieMahindra
5%
WęgryRaba
5%
Wielka BrytaniaDavid Brown
4%
IndieSolis
4%
SzwajcariaAebi
3%
SzwajcariaBuhrer
3%
NiemcyKramer
3%
JaponiaMitsubishi
3%
NiemcySchluter
3%
JaponiaYanmar
3%
NiemcyEicher
2%
RosjaLTZ
2%
USAAllis Chalmers
1%
HiszpaniaEbro
1%
IndieEscort
1%
USAInternational Harvester
1%
USAKnudson
1%
Wielka BrytaniaLeyland
1%
USALong
1%
Wielka BrytaniaMarshall
1%
Wielka BrytaniaMuir Hill
1%
USAOliver
1%
WłochyPasquali
1%
JaponiaShibaura
1%
USASteiger
1%
RumuniaUTB
1%
USAWhite
1%
ChinyYTO
1%
Korea Płd.Branson
0%
AustraliaChamberlain
0%
Wielka BrytaniaCounty
0%
TurcjaErkunt
0%
RumuniaIrum
0%
ChorwacjaTorpedo
0%
TurcjaTumosan
0%

Rozkład punktacji

Percentyl według liczby udzielonych odpowiedzi

Procent ludzi z każdym wynikiem

Twoja historia wyników

Nie rozwiązałeś tego quizu